00821cam a2200205 a 450000500170000000800410001708200220005811000280008024501670010825000120027530000260028749000130031365000610032665000600038726400450044733600270049233700330051933800280055204000350058020220316235838.0020607s2002 ck o gr 000 0dspa 04a746.9861582C67a  aBanco de la República10aAsí eramos, así somos btextiles y tintes de Nariño cBanco de la República ; investigación textos, ilustraciones y fotografía Emilia Cortés Moreno. a1a. ed. a23 páginas c28 cm.0 aHistoria142LEMBaTejeduría xExposiciones zNariño (Colombia) aTinte y teñido xExposiciones zNariño (Colombia) aBogotá bBanco de la Repúblicac1999 atextobtxt2rdacontent asin mediaciónbn2rdamedia avolumenbnc2rdacarrier aCO-BoRNBPbspaerdacCO-BoRNBP